00526cam a2200169ua 4500001000500000005001700005008003900022040000900061041000800070082000800078100003600086245013800122250000900260260005000269300000900319653002800328705520260515114139.0141120n ii |||gr||||Z||||||eng cMAIN aeng a328 aBhuyan, Suryya Kumar.,eAuthor. aTwo years in parliament (1954-1954) : bSpeeches and questions in the council of states duting 1952-54 / c By Suryya Kumar Bhuyan .  a1st. aGuwahati:bPublication board of Assam,c2010. a97p. aThe legislative process